Catálogo

UN CONCEPTO DE COMUNICACION ORGANIZACIONAL : (Registro nro. 6068)

Detalles MARC
000 -LEADER
fixed length control field 00483nam a2200169 a 4500
001 - CONTROL NUMBER
control field 6068
005 - DATE AND TIME OF LATEST TRANSACTION
control field 20180713185923.0
008 - FIXED-LENGTH DATA ELEMENTS--GENERAL INFORMATION
fixed length control field 140415s1991 mx 000 0 spa d
041 ## - LANGUAGE CODE
Language code of text/sound track or separate title spa
082 ## - DEWEY DECIMAL CLASSIFICATION NUMBER
Classification number 001.51
Item number ARR
100 1# - MAIN ENTRY--PERSONAL NAME
Personal name ARRIETA ERDOZAIN, LUIS
245 13 - TITLE STATEMENT
Title UN CONCEPTO DE COMUNICACION ORGANIZACIONAL :
Remainder of title LA REVISTA INTERNA Y LA HISTORIETA EN LA EMPRESA
250 ## - EDITION STATEMENT
Edition statement 1a ed.
260 ## - PUBLICATION, DISTRIBUTION, ETC.
Place of publication, distribution, etc. MEXICO :
Name of publisher, distributor, etc. DIANA,
Date of publication, distribution, etc. 1991
300 ## - PHYSICAL DESCRIPTION
Extent 142
650 14 - SUBJECT ADDED ENTRY--TOPICAL TERM
Topical term or geographic name entry element COMUNICACION
Existencias
Withdrawn status Lost status Source of classification or shelving scheme Damaged status Not for loan Collection code Home library Current library Shelving location Date acquired Source of acquisition Inventory number Total Checkouts Full call number Barcode Date last seen Price effective from Koha item type Date last checked out
    Dewey Decimal Classification     General Biblioteca Karol Wojtyla Biblioteca Karol Wojtyla Sala general 03/12/2013 Compra 151000000000000000065406   '001.51 ARR 19263 05/01/2026 03/12/2013 Libro  
    Dewey Decimal Classification     General Biblioteca Karol Wojtyla Biblioteca Karol Wojtyla Sala general 03/12/2013 Compra 151000000000000000065407   '001.51 ARR 20709 05/01/2026 03/12/2013 Libro 03/04/2014
  No inventariado Dewey Decimal Classification       Biblioteca Karol Wojtyla Biblioteca Karol Wojtyla   03/12/2013 Compra     '001.51 ARR 9019   03/12/2013 Libro  
  No inventariado Dewey Decimal Classification       Biblioteca Karol Wojtyla Biblioteca Karol Wojtyla   03/12/2013 Compra     '001.51 ARR 19264   03/12/2013 Libro  
  No inventariado Dewey Decimal Classification       Biblioteca Karol Wojtyla Biblioteca Karol Wojtyla   03/12/2013 Compra     '001.51 ARR 18383   03/12/2013 Libro